000 00297nam a2200121Ia 4500
008 191201s2007 xx 000 0 und d
100 _aKANETKAR, Yashavant
245 0 _aUNIX Shell Programming
260 _aN.Delhi
_bBPB Publication
_c2007
300 _a-
650 _aB.Tech(IT)
942 _2ddc
_cBK
999 _c2808
_d2808